| 000 | 00000nas 2200000za 4500 |
| 001 | 9.507074 |
| 003 | CaOODSP |
| 005 | 20211124135142 |
| 007 | cr ||||||||||| |
| 008 | 150406c20002001oncar p o||||f| |0eng|d |
| 022 | |a1494-2259 |
| 040 | |aCaOODSP|beng |
| 043 | |an-cn--- |
| 086 | 1 |aNS1-7E-PDF |
| 245 | 00|aAward holder's guide for postgraduate scholarship (PGS) holders at foreign institutions and postdoctoral fellows |h[electronic resource]. |
| 246 | 1 |aAward holder's guide for postgraduate scholarship PGS holders at foreign institutions, 1967 Science and Engineering Scholarship SES holders, postdoctoral fellows PDF holders, NATO Science Fellowship NATO holders |
| 260 | |aOttawa : |bNatural Sciences and Engineering Research Council |
| 310 | |aAnnual |
| 362 | 0 |a2000-2001? |
| 500 | |aTitle varies slightly. |
| 690 | 07|aScholarships|2gcpds |
| 710 | 2 |aNatural Sciences and Engineering Research Council of Canada. |
| 775 | 08|tGuide des boursiers titulaires d'une bourse d'études supérieures (ES) dans un établissement étranger et titulaires d'une bourse postdoctorale |w(CaOODSP)9.503467 |